The Rains of Castamere lyrics - Statistics

General Stats
  • This quiz has been taken 27 times
  • The average score is 114 of 136
Answer Stats
Lyrics % Correct
a
100%
A
100%
And
100%
and
100%
are
100%
proud
100%
the
100%
who
100%
you,
100%
lord
94%
said
94%
That
94%
bow
88%
Castamere
88%
gold
88%
I
88%
lion
88%
low?
88%
no
88%
now
88%
of
88%
so
88%
As
82%
as
82%
claws
82%
coat
82%
hall
82%
has
82%
he
82%
hear
82%
must
82%
o'er
82%
rains
82%
red
82%
spoke,
82%
spoke
82%
still
82%
to
82%
all
76%
cat
76%
different
76%
his
76%
know
76%
mine
76%
my
76%
sharp,
76%
sharp
76%
soul
76%
truth
76%
weep
76%
yours
76%
long
71%
not
71%
Only
71%
or
71%
there
71%
one
65%
That's
65%
But
59%
With
53%
In
41%
Yes,
41%
No matching quizzes found
Score Distribution
Percent of People with Each Score
Percentile by Number Answered
Your Score History
You have not taken this quiz